Lime mortar versus cement (Record no. 73358)

MARC details
000 -LEADER
fixed length control field 00958cam a2200205 4500
001 - CONTROL NUMBER
control field ABS66954
008 - FIXED-LENGTH DATA ELEMENTS--GENERAL INFORMATION
fixed length control field 030904n2003 000 0 eng u
035 ## - SYSTEM CONTROL NUMBER
System control number (Sirsi) u123503
100 ## - MAIN ENTRY--PERSONAL NAME
Personal name Pritchett, I.
245 ## - TITLE STATEMENT
Title Lime mortar versus cement
260 ## - PUBLICATION, DISTRIBUTION, ETC.
Date of publication, distribution, etc. 2003
490 ## - SERIES STATEMENT
Series statement RICS Building Control
Volume/sequential designation (143) September 2003, 20-22(3)
520 ## - SUMMARY, ETC.
Summary, etc. Discusses traditional uses of lime mortar in modern buildings versus the use of cement. Gives a brief history of its utilisation and outlines its continuing popularity in conservation work. Suggests that it can also be useful in situations where a more flexible and permeable mortar would be suitable. Lime mortar may be more appropriate in a modern house built in a traditional style. Looks at types of lime, environmental issues and its future use.
590 ## - LOCAL NOTE (RLIN)
Local note ABS
650 ## - SUBJECT ADDED ENTRY--TOPICAL TERM
Topical term or geographic name entry element LIME MORTARS
650 ## - SUBJECT ADDED ENTRY--TOPICAL TERM
Topical term or geographic name entry element CEMENT
650 ## - SUBJECT ADDED ENTRY--TOPICAL TERM
Topical term or geographic name entry element MORTARS
690 ## - LOCAL SUBJECT ADDED ENTRY--TOPICAL TERM (OCLC, RLIN)
Topical term or geographic name as entry element BUILT ENVIRONMENT-BUILDING MATERIALS
942 ## - ADDED ENTRY ELEMENTS (KOHA)
Suppress in OPAC 0
Holdings
Withdrawn status Lost status Source of classification or shelving scheme Damaged status Not for loan Home library Current library Shelving location Date acquired Total Checkouts Full call number Barcode Date last seen Copy number Price effective from Koha item type
    Dewey Decimal Classification     London London Journal article 04/09/2003   ABS66954 123503-1001 06/08/2019 1 06/08/2019 Journal article